| 000 | 00692nam a2200205Ia 4500 | ||
|---|---|---|---|
| 001 | 3142 | ||
| 003 | GE_BSU | ||
| 008 | 181216s||||||||xx |||||||||||||| ||und|| | ||
| 040 | _cGE_BSU | ||
| 080 | _a621.31(075.8) | ||
| 100 | _aФедосеев,А.М. | ||
| 245 | _aРелейная защита электроенергетических систем. Релейная защита сетей. | ||
| 245 | _bУчебник для вузов. | ||
| 260 | _aМ. | ||
| 260 | _bЭнергоатомиздат. | ||
| 260 | _c1984. | ||
| 300 | _a520 стр. с илл. 20 см. | ||
| 653 | _aРелейная защита электроенергетических систем. | ||
| 942 | _cBK | ||
| 999 |
_c37186 _d37186 |
||